| 000 | 00362nam a22001217a 4500 | ||
|---|---|---|---|
| 082 |
_a823 _bGER/A |
||
| 100 | _aGERONIMO STILTON | ||
| 245 |
_aALIEN ESCAPE SPACE MICE _bGERONIMO STILTON :ALIEN ESCAPE SPACE MICE _cGERONIMO STILTON :ALIEN ESCAPE SPACE MICE |
||
| 246 | _aALIEN ESCAPE SPACE MICE | ||
| 260 |
_aU K _bSCHOLASTIC |
||
| 650 | _aENGLISH FICTION | ||
| 942 | _cBK | ||
| 999 |
_c9045 _d9045 |
||